000 00990nam a2200289 i 4500
001 000032348
003 DO-SdBNP
005 20250721131509.0
007 ta
008 110714s1922 dr r 000 0 spa d
040 _aDO-SdBNP
_bspa
_cBNPHU
_erda
041 _aspa
082 4 _a351.729375
_bS237m 1921
_222
110 1 _aSanto Domingo (RD)
_9447
_bAyuntamiento
245 1 0 _aMemoria año 1921
264 1 _aSanto Domingo :
_bEl Progreso Quirico y Sanabia,
_c1922.
300 _a84 páginas :
_bilustraciones, retratos ;
_c24 cm.
336 _atexto
_btxt
_2rdacontent
337 _asin mediación
_bn
_2rdamedia
338 _avolumen
_bnc
_2rdacarrier
590 _aInventariado, 2019/VM
610 2 _aAyuntamento de Santo Domingo
_vMemorias
_976720
650 0 _aGobierno municipal
_zRepública Dominicana, Santo Dominicano
_917207
740 0 _aAyuntamiento de la Comun de Santo Domingo (memoria años 1922-1923)
910 _aValidado. Control de calidad MFF
942 _2ddc
_cLF1
999 _c31839
_d31839